Statistics for Birth Years Click Quiz - England

Click here to take the quiz!

General Stats

  • This quiz has been taken 113 times
  • The average score is 8 of 20

Answer Stats

HintAnswer% Correct
J. R. R. Tolkien1892
73%
Bede the Venerable673
70%
Elizabeth I1533
67%
Caratacus10
58%
Guy Fawkes1570
58%
Lemmy Kilmister1945
58%
Mary Shelley1797
55%
J. M. W. Turner1775
45%
Blackbeard1680
42%
Thomas Cromwell1485
39%
Christopher Wren1632
39%
Emily Davison1872
39%
Thomas Becket1119
33%
Æthelred the Unready966
33%
Harold Godwinson1022
27%
Ada Lovelace1815
27%
Roger Mortimer1287
21%
Roger Bacon1219
18%
John Wycliffe1328
15%
Wat Tyler1341
15%

Score Distribution

Percentile by Number Answered

Percent of People with Each Score

Your Score History

You have not taken this quiz